| 000 | 00527nam a2200193Ia 4500 | ||
|---|---|---|---|
| 999 |
_c11388 _d11388 |
||
| 003 | OSt | ||
| 005 | 20191228123824.0 | ||
| 008 | 190216s9999||||xx |||||||||||||| ||und|| | ||
| 020 | _a9788131518823 | ||
| 040 | _coclc | ||
| 082 |
_a337 _bCAR/G |
||
| 100 |
_aCarbaugh, Robert J _9560 |
||
| 245 | 0 |
_aGlobal Economics / _c Robert J Carbaugh |
|
| 250 | _a13th ed. | ||
| 260 |
_bCengage Learning, _c2013. _aNew Delhi: |
||
| 300 | _a604p | ||
| 650 | _aEconomics | ||
| 942 |
_cBK _2ddc _h337 _iCAR/G _k337 _mCAR/G |
||